00602nam a2200193Ia 4500001000700000008004100007035001500048041000800063084001900071110005100090245011300141260002600254300002200280650002500302650001300327650001300340650002600353700002900379001731221003s1990 xx 000 0 spa d aCENDO_2829 aspa aEM-00006-00029 aESPAÑA.bMinisterio de Economía y Hacienda 0aBorrador de Presupuestos Generales del Estado 1991 :bdisposiciones adicionales /cCarlos Solchaga Catalán a[S.l. :bs.n.],c1990 a[5] h. ;c 30 cm aPRESUPUESTO NACIONAL aESPAÑA aBORRADOR aACTITUD GUBERNAMENTAL aSOLCHAGA CATALAN, Carlos